000 02573nam0a2200409 4500
001 RU\NLR\BIBL_A\022576356
005 20260420050236.0
010 _a978-5-907821-46-0
_9500
021 _aRU
_bКН-П-25-026980
_9КН-П-25-2679
035 _a(NLR Aleph) 022576356
090 _a13676461
_c13676461
100 _a20250630d2024 k y0rusy50 ca
101 0 _arus
102 _aRU
105 _aa z 000yy
181 0 _ai3
_baxxe
182 0 _an
200 1 _aПодготовка педагогов системы дошкольного образования к созданию билингвальной образовательной среды
_dTraining of teachers of the preschool educational system to the creation of a bilingual educational environment
_eмонография
_fЕ. Б. Быстрай, Б. А. Артеменко
_gЮжно-Уральский государственный гуманитарно-педагогический университет, Южно-Уральский научный центр Российской академии образования (РАО)
_zeng
203 _aТекст
_bвизуальный
_cнепосредственный
210 _aЧелябинск
_cЮжно-Уральский научный центр Российской академии образования
_d2024
215 _a224 с.
_cил.
_d21
300 _aНа парал. тит. с. авт. также на англ. яз.: E. B. Bystray, B. A. Artemenko
320 _aБиблиогр.: с. 208-224 (120 назв.)
510 1 _6z45790
_aTraining of teachers of the preschool educational system to the creation of a bilingual educational environment
_zeng
606 1 _aВоспитатели дошкольных учреждений
_xПодготовка
_92108245
_3RU\NLR\auth\661577932
606 1 _aДошкольники
_xБилингвальное обучение
_92582995
_3RU\NLR\AUTH\661526854
686 1 _aЧ489.518.1
686 1 _aЧ411.382.5
700 1 _7ca
_8rus
_aБыстрай
_bЕ. Б.
_f1957-
_gЕлена Борисовна
_9205440
_3RU\NLR\AUTH\770205492
701 1 _7ca
_8rus
_aАртеменко
_bБ. А.
_gБорис Александрович
_9145153
_3RU\NLR\AUTH\770145189
790 1 _7ba
_8rus
_aBystraj
_bE. B.
_f1957-
_gElena Borisovna
_92676576
_3RU\NLR\AUTH\770284179
790 1 _7ba
_8rus
_aArtemenko
_bB. A.
_gBoris Aleksandrovič
_92676591
_3RU\NLR\AUTH\770284194
942 _cBOOK
980 _aNB